[Event "Doeberl Cup Minor 47th"]
[Site "Canberra"]
[Date "2009.04.12"]
[Round "5"]
[White "Gruen, Angus"]
[Black "Booth, William"]
[Result "1-0"]
[WhiteElo "984"]
[BlackElo "1366"]
[PlyCount "129"]
[EventDate "2009.04.10"]
[EventType "swiss"]
[EventRounds "6"]
[EventCountry "AUS"]
[SourceTitle "CBM 129 Extra"]
[Source "ChessBase"]
[SourceDate "2009.05.05"]
[SourceVersion "2"]
[SourceVersionDate "2009.05.20"]
[SourceQuality "1"]

1. b4 d5 2. Bb2 Nd7 3. d3 e5 4. a3 g6 5. Nf3 Bg7 6. Nbd2 Nh6 7. e3 0-0 8. Be2 c6 9. c4 f5 10. Qb3 dxc4 11. Nxc4 Kh8 12. Ncxe5 Nxe5 13. Bxe5 Bxe5 14. Nxe5 Qf6 15. Qb2 Re8 16. Nf7+ Kg7 17. Qxf6+ Kxf6 18. Nxh6 Kg7 19. Nxf5+ Bxf5 20. g4 Be6 21. g5 a5 22. Kd2 Rad8 23. Kc3 Bh3 24. Rhg1 Re5 25. Bg4 Bxg4 26. Rxg4 Red5 27. d4 Rf5 28. f4 Ra8 29. Rgg1 Kf7 30. a4 axb4+ 31. Kxb4 Ke6 32. Rge1 Rd5 33. Rac1 Rda5 34. Ra1 Rd5 35. Rec1 Raa5 36. Ra3 Kf5 37. Re1 Ke4 38. Rc3 Ra8 39. Rc5 Rxc5 40. dxc5 Rd8 41. Ka5 Rd3 42. Kb6 Rb3+ 43. Kc7 Rb2 44. Kb8 Rb3 45. Kc7 Rb2 46. a5 Rb3 47. Kc8 Rb2 48. Kb8 Rb3 49. Kc7 Rb2 50. a6 bxa6 51. Kxc6 Rc2 52. Kb6 a5 53. c6 Rb2+ 54. Kxa5 Rc2 55. Kb6 Rb2+ 56. Ka7 Rc2 57. Kb7 Rb2+ 58. Kc8 Kf5 59. c7 Ke6 60. Rd1 Ke7 61. Rd7+ Ke8 62. Rxh7 Rb6 63. e4 Re6 64. e5 Kf8 65. Kd7 1-0

[Event "Doeberl Cup Minor 47th"]
[Site "Canberra"]
[Date "2009.04.10"]
[Round "2"]
[White "Booth, William"]
[Black "Derwent, Ethan"]
[Result "0-1"]
[WhiteElo "1366"]
[BlackElo "1123"]
[PlyCount "60"]
[EventDate "2009.04.10"]
[EventType "swiss"]
[EventRounds "6"]
[EventCountry "AUS"]
[SourceTitle "CBM 129 Extra"]
[Source "ChessBase"]
[SourceDate "2009.05.05"]
[SourceVersion "2"]
[SourceVersionDate "2009.05.20"]
[SourceQuality "1"]

1. d4 Nf6 2. c4 g6 3. Nc3 Bg7 4. e4 d6 5. f3 0-0 6. Be3 Nc6 7. Nge2 Bd7 8. Qd2 Re8 9. Bh6 Bh8 10. Bg5 a6 11. g4 Rb8 12. h4 b5 13. Nc1 e5 14. Nb3 exd4 15. Nxd4 Ne5 16. Qf4 c5 17. Nc2 b4 18. Nd5 Nxd5 19. cxd5 Qa5 20. b3 Nxf3+ 21. Qxf3 Bc3+ 22. Bd2 Bxa1 23. Nxa1 Qxa2 24. Qd1 Rxe4+ 25. Kf2 Rf4+ 26. Ke3 Rxg4 27. h5 Re8+ 28. Kf3 Rd4 29. hxg6 Bg4+ 30. Kg3 Bxd1 0-1